01338nam a22002657a 45000010005000000030006000050050017000110080041000280200018000690400029000870500017001160820010001331000025001432450103001682500041002712600034003123000056003465050007004025200543004095210018009525210018009706500022009886500031010107000031010416606FISKH20250513105023.0250513b cb ||||| |||| 00| 0 eng d a9780545336024 aFISKHbengcFISKHdFISKH a PZ7.B4123 Y a813.6 aBell-Rehwoldt, Sheri aYou think it's easy being the tooth fairy? /cBy Sheri Bell-Rehwoldt ; Illustrated by David Slonim aThis edition first published in 2011 aNew York :bScholastic,c2007 a26 unnumbered pages :bcolor illustrations ;c27 cm aJ  aJuvenile Fiction. Picture Book Fiction. Humor (Fiction.) HTML:All over America, kids are losing their teeth. And who is there to gather them up, leaving coins in their places? The Tooth Fairy, of course! A self-described action kind of gal with plenty of attitude, she reveals her secrets at last. Learn about her amazing Tooth-o-Finder. Marvel at her ingenious flying machine. Watch her in action, dodging dogs and cats and gerbils. You Think It's Easy Being the Tooth Fairy? is the essential guide for every kid about to lose a tooth. 8 a500 bLexile 8 aJ bRaz-Plus  2TeethaPersuasive 2Tooth fairyaPoint of view aSlonim, Daviddillustrator